Automation and robotics (Record no. 13325)
[ view plain ]
| 000 -LEADER | |
|---|---|
| fixed length control field | 00317nam a22001337a 4500 |
| 020 ## - INTERNATIONAL STANDARD BOOK NUMBER | |
| International Standard Book Number | 9789350142462 |
| 082 ## - DEWEY DECIMAL CLASSIFICATION NUMBER | |
| Classification number | 629.892 GOY |
| 100 ## - MAIN ENTRY--PERSONAL NAME | |
| Personal name | Khushdeep Goyal |
| 245 ## - TITLE STATEMENT | |
| Title | Automation and robotics |
| 260 ## - PUBLICATION, DISTRIBUTION, ETC. | |
| Place of publication, distribution, etc. | New Delhi |
| Name of publisher, distributor, etc. | S. K. Kataria & Sons |
| Date of publication, distribution, etc. | 2013 |
| 300 ## - PHYSICAL DESCRIPTION | |
| Extent | 286p. |
| Other physical details | 24cm. |
| 700 ## - ADDED ENTRY--PERSONAL NAME | |
| Personal name | Deepak Bhandari |
| 942 ## - ADDED ENTRY ELEMENTS (KOHA) | |
| Koha item type | Book |
| Withdrawn status | Lost status | Damaged status | Not for loan | Collection code | Permanent Location | Current Location | Shelving location | Date acquired | Source of acquisition | Cost, normal purchase price | Total Checkouts | Full call number | Barcode | Checked out | Date last seen | Date last checked out | Price effective from | Koha item type |
|---|---|---|---|---|---|---|---|---|---|---|---|---|---|---|---|---|---|---|
| Central Library (CL) | Central Library (CL) | General Stacks | 08/12/2015 | Golden Books | 283.73 | 1 | 629.892 GOY | SEECS013332 | 10/26/2024 | 09/26/2024 | 09/26/2024 | 08/10/2015 | Book |
